MARC

LEADER 00000nam0a2200000 4500
001 281553
005 20231101235419.0
035 |a (RuTPU)RU\TPU\book\305341 
090 |a 281553 
100 |a 20150123d1986 k y0rusy50 ca 
101 0 |a rus 
102 |a RU 
105 |a y z 101zy 
200 1 |a Концептуальное проектирование банков данных  |e материалы семинара, 1986 г., г. Москва  |f Общество "Знание" РСФСР ; Московский Дом научно-технической пропаганды ; под ред. В. З. Вольфенгагена ; О. В. Воскресенской 
210 |a Москва  |c Изд-во МДНТП  |d 1986 
215 |a 158 с. 
320 |a Библиография в конце докладов 
606 |a Обработка данных машинная  |x Проектирование  |2 stltpush  |3 (RuTPU)RU\TPU\subj\46588  |9 65708 
610 1 |a моделирование 
610 1 |a проектирование 
610 1 |a базы знаний 
610 1 |a планирование 
610 1 |a управление 
610 1 |a описание 
610 1 |a СУБД 
610 1 |a комбинаторные алгебры 
610 1 |a динамические модели 
610 1 |a построение 
610 1 |a язык Лисп 
675 |a 681.3.01(063)  |v 3 
702 1 |a Вольфенгаген  |b В. З.  |4 340 
702 1 |a Воскресенская  |b О. В.  |4 340 
712 0 2 |a Общество "Знание" РСФСР  |c (Москва)  |2 stltpush  |3 (RuTPU)RU\TPU\col\7484 
712 0 2 |a Московский Дом научно-технической пропаганды  |2 stltpush  |3 (RuTPU)RU\TPU\col\7885  |9 24405 
712 1 2 |a Концептуальное проектирование банков данных  |c материалы семинара  |e Москва  |f 1986  |4 570 
801 1 |a RU  |b 63413507  |c 20150123 
801 2 |a RU  |b 63413507  |c 20170619  |g RCR 
942 |c BK